A luta contra o micróbio (Record no. 45517)
[ view plain ]
| 000 -Etiqueta do registo | |
|---|---|
| Valores | 00489cam a22001811 4500 |
| 100 ## - Dados gerais de processamento | |
| Dados gerais | 19940104d1945 m y0pory5003 ba |
| 101 0# - Língua de publicação | |
| Língua | por |
| 102 ## - País de publicação | |
| País | PT |
| 200 1# - Titulo e menção de responsabilidade | |
| Título próprio | A luta contra o micróbio |
| Primeira menção de responsabilidade | Joaquim Salvado Valente |
| 210 #9 - Publicação | |
| Local de publicação | Lisboa |
| Nome do editor | Cosmos, |
| Data de publicação | 1945 |
| 215 ## - Descrição física | |
| Paginação / Volumes | 114 p. |
| Dimensões | 19 cm |
| 225 2# - Colecção | |
| Título próprio da colecção | Biblioteca Cosmos |
| Indicação de volume | 92 |
| Número de parte ou secção | 7.ª seccão. |
| Nome de parte ou secção | Problemas do nosso tempo |
| Indicação de volume | 13 |
| 675 ## - CDU | |
| Notação | 619 |
| 700 #1 - Autor principal | |
| Apelido | Valente, |
| Nome | Joaquim Salvado |
| 801 #0 - Fonte de origem | |
| País | PT |
| Agência | BN |
| Regras de catalogação | RPC |
| 990 ## - Elementos KOHA | |
| Tipo de documento | Livro |
| Aquisição | Empréstimo | Código de barras | Cota | Permissão de empréstimo | Tipo de documento | Nota relativa ao exemplar |
|---|---|---|---|---|---|---|
| Biblioteca Municipal de Redondo | Biblioteca Municipal de Redondo | 056220 | 619 VAL | Consulta presencial | Livro | oferta de Vergílio Ambrósio |